[Event "57th ch-POL w"]
[Site "Sroda Wlkp POL"]
[Date "2003.03.01"]
[Round "3"]
[White "Kadziolka,B"]
[Black "Zielinska,Mar"]
[Result "0-1"]
[WhiteElo "2228"]
[BlackElo "2430"]

1.d4 d6 2.e4 Nf6 3.Nc3 c6 4.f4 g6 5.Nf3 Bg7 6.Be3 Qa5 7.Qd2 O-O 8.Bd3 Nbd7
9.h3 e5 10.O-O exd4 11.Bxd4 b5 12.Rae1 b4 13.Nd1 Bb7 14.Ne3 c5 15.Bxf6 Nxf6
16.Nc4 Qc7 17.e5 dxe5 18.Nfxe5 Rad8 19.f5 Rfe8 20.fxg6 hxg6 21.Qf2 Bd5 22.Qh4 Nh5
23.Qg5 Re7 24.Nf3 Rxe1 25.Rxe1 Bxf3 26.gxf3 Bf6 27.Qg4 Bd4+ 28.Kh1 Nf6 29.Qg5 Rd5
30.Qg2 Nh5 31.Qg4 Kg7 32.h4 f5 33.Qh3 Bf2 34.Re8 Rd4 35.Be4 Rd1+  0-1

[Event "Spring Festival GM"]
[Site "Bucharest ROM"]
[Date "2003.03.03"]
[Round "1"]
[White "Nanu,C"]
[Black "Badea,B"]
[Result "1/2-1/2"]
[WhiteElo "2456"]
[BlackElo "2495"]

1.e4 d6 2.d4 Nf6 3.Nc3 e5 4.Nf3 Nbd7 5.Bc4 Be7 6.O-O O-O 7.Re1 c6 8.a4 b6
9.Bg5 a6 10.d5 c5 11.Bf1 h6 12.Bxf6 Bxf6 13.Nd2 g6 14.Nc4 Qc7 15.Rb1 Rb8  1/2-1/2

[Event "Jch-RUS b20"]
[Site "Essentuki RUS"]
[Date "2003.03.03"]
[Round "2"]
[White "Yudin,S"]
[Black "Bachin,V"]
[Result "1/2-1/2"]
[WhiteElo "2406"]
[BlackElo "2443"]

1.e4 d6 2.d4 Nf6 3.Nc3 c6 4.a4 Qa5 5.Nf3 Nxe4 6.Bd3 Nxc3 7.bxc3 Bg4 8.O-O Qxc3
9.Rb1 b6 10.Bd2 Bxf3 11.Qxf3 Qxd4 12.Ba6 Qxd2 13.Bb7 d5 14.Bxa8 Qh6 15.a5 b5
16.c4 dxc4 17.Rxb5 cxb5 18.Qb7 Qd6 19.Qc8+  1/2-1/2

[Event "Milovan Prvulj Mem"]
[Site "Pancevo YUG"]
[Date "2003.03.03"]
[Round "5"]
[White "Vrbljanac,A"]
[Black "Dostan,J"]
[Result "1/2-1/2"]
[WhiteElo "2196"]
[BlackElo "2356"]

1.e4 d6 2.d4 Nf6 3.Nc3 c6 4.Be3 Qa5 5.f3 e5 6.Qd2 Be7 7.O-O-O b5 8.Kb1 b4
9.Nce2 Nbd7 10.Nc1 Rb8 11.g4 h6 12.h4 d5 13.dxe5 Nxe5 14.Bf4 dxe4 15.Qd4 Ned7
16.Bxb8 Nxb8 17.Bc4 O-O 18.Nb3 Qc7 19.Qe3 exf3 20.g5 Ng4 21.Qxf3 hxg5 22.hxg5 Bxg5
23.Bd3 g6 24.Ne2 f5 25.Bc4+ Kg7 26.Qh3 Bh6 27.Rdg1 Rh8 28.Qd3 Qe5 29.Rf1 Nd7
30.Ned4 Ndf6 31.Nxc6 Qe4 32.Nxb4 Ne3 33.Re1 Bb7 34.Qxe4 Nxe4 35.Bd3 f4 36.Nd4 Nd2+
37.Kc1 Bxh1 38.Rxh1 Ndc4 39.Ne6+ Kf6 40.Nxf4 Ng2 41.Nd5+ Ke5 42.Kb1 Nd2+
43.Ka1 Nxf4 44.Nxf4 Kxf4 45.Bxg6 Bg7 46.Rxh8 Bxh8 47.a4 a5 48.Ka2 Nc4 49.c3 Nb6  1/2-1/2

[Event "52nd ch-BUL w"]
[Site "Sofia BUL"]
[Date "2003.03.03"]
[Round "11"]
[White "Gocheva,R"]
[Black "Voiska,M"]
[Result "1/2-1/2"]
[WhiteElo "2217"]
[BlackElo "2343"]

1.e4 d6 2.d4 Nf6 3.Nc3 e5 4.dxe5 dxe5 5.Qxd8+ Kxd8 6.Bc4 Be6 7.Bxe6 fxe6
8.Nf3 Bd6 9.Bg5 Nc6 10.O-O-O a6 11.Nd2 b5  1/2-1/2

[Event "Jch-RUS g20"]
[Site "Essentuki RUS"]
[Date "2003.03.04"]
[Round "3"]
[White "Pogonina,N"]
[Black "Bronnikova,E"]
[Result "1/2-1/2"]
[WhiteElo "2376"]
[BlackElo "2238"]

1.e4 d6 2.d4 Nf6 3.Nc3 c6 4.Be3 Qa5 5.Qd2 e5 6.h3 b5 7.Bd3 Be7 8.Nf3 Nbd7
9.O-O a6 10.a4 b4 11.Ne2 O-O 12.Ng3 Re8 13.dxe5 Nxe5 14.Nxe5 dxe5 15.Bc4 Bf8
16.Qe2 Qc7 17.a5 c5 18.Bg5 Qc6 19.Rfd1 h6 20.Bxf6 Qxf6 21.Nf1 Rd8 22.Ne3 Bb7
23.Bd5 Qe7 24.Qc4 Rab8 25.Rd3 Bxd5 26.Nxd5 Qe6 27.Rad1 Rd6 28.Qxc5 Rc8 29.Qxb4 Rdc6
30.Qe1 Rxc2 31.b4 R8c4 32.f3 Rb2 33.Rb1 Bxb4 34.Nxb4 Rcxb4 35.Qxb4 Rxb4 36.Rxb4 Qa2
37.Rd5 h5 38.Rb8+ Kh7 39.h4 Qe2 40.Rb1 Qe3+ 41.Kf1 Qf4 42.Rb7 Qxh4 43.Rxf7 Qh1+
44.Kf2 Qh4+ 45.Ke2 Qh2 46.Kf1  1/2-1/2

[Event "Victor Ciocaltea Mem"]
[Site "Bucharest ROM"]
[Date "2003.03.05"]
[Round "2"]
[White "Burnoiu,N1"]
[Black "Grigore,Ge"]
[Result "0-1"]
[WhiteElo "2414"]
[BlackElo "2482"]

1.e4 d6 2.d4 Nf6 3.Nc3 e5 4.dxe5 dxe5 5.Qxd8+ Kxd8 6.Bc4 Bb4 7.Bg5 Bxc3+
8.bxc3 Ke8 9.O-O-O Nfd7 10.f4 h6 11.Bh4 exf4 12.Nf3 Nc6 13.Rhf1 Nb6 14.Bb5 Bd7
15.Bf2 Nd8 16.Be2 Bg4 17.h3 Bh5 18.a4 Ne6 19.a5 Nd7 20.a6 bxa6 21.Bxa6 Bxf3
22.gxf3 Ke7 23.Rd5 c6 24.Ra5 Rhb8 25.h4 f6 26.Be2 Rb7 27.Kd2 Nb6 28.Rfa1 Rd8+
29.Ke1 Rdd7 30.Ba6 Rbc7 31.Bf1 Kf7 32.Ra6 Rb7 33.R6a5 g5 34.Bh3 Nc4 35.Rxa7 Rxa7
36.Rxa7 Rxa7 37.Bxa7 gxh4 38.Bb8 Ng5 39.Bg4 Ne5 40.Bh5+ Ke7 41.Kf2 h3 42.Bc7 h2
43.Kg2 Ngxf3 44.Bb8 Ng5 45.Kxh2 Nxe4 46.c4 Kd7  0-1

[Event "Spring Festival GM"]
[Site "Bucharest ROM"]
[Date "2003.03.05"]
[Round "3"]
[White "Soltanici,R"]
[Black "Badea,B"]
[Result "1/2-1/2"]
[WhiteElo "2389"]
[BlackElo "2495"]

1.e4 d6 2.d4 Nf6 3.Nc3 e5 4.Nf3 Nbd7 5.Bc4 Be7 6.O-O O-O 7.Re1 c6 8.a4 b6
9.b3 a6 10.d5 c5 11.Qd3 Ne8  1/2-1/2

[Event "Jch-RUS b20"]
[Site "Essentuki RUS"]
[Date "2003.03.05"]
[Round "4"]
[White "Kosintseva,N"]
[Black "Bachin,V"]
[Result "1-0"]
[WhiteElo "2417"]
[BlackElo "2443"]

1.e4 d6 2.d4 Nf6 3.Nc3 c6 4.f4 Qa5 5.Bd3 e5 6.Nf3 Nbd7 7.O-O Be7 8.Be3 O-O
9.Qe1 Ng4 10.Nd5 Qd8 11.Nxe7+ Qxe7 12.Bd2 exd4 13.Nxd4 Nc5 14.b4 Nxd3 15.cxd3 f5
16.exf5 Qxe1 17.Rfxe1 Bxf5 18.Re7 Bxd3 19.Rxb7 Be4 20.Ne6 Nf6 21.Rxg7+ Kh8
22.Bc3 Bf5 23.Re7 Kg8 24.Nxf8 Nd5 25.Rb7 Kxf8 26.Bd2 a6 27.Rc1 Kg8 28.Re1 h5
29.a3 Kf8 30.Kf2 Re8 31.Rxe8+ Kxe8 32.Ra7 Bd3 33.h3 c5 34.g4 hxg4 35.hxg4 c4
36.Rxa6 Kd7 37.Ra7+ Kc6 38.a4 Nf6 39.Ke3 Nxg4+ 40.Kd4 Nh6 41.b5+ Kb6 42.Ra6+ Kc7
43.Rc6+ Kd7 44.Rxc4 Bxc4 45.Kxc4 Nf5 46.a5 Kc7 47.Kd5 Kb7 48.Bb4 Kc7 49.b6+ Kb7
50.Bxd6 Ne3+ 51.Ke6 Nc2 52.Bc5 Kc6 53.a6 Kxc5 54.a7 Nd4+ 55.Kf6  1-0

[Event "Jch-RUS b20"]
[Site "Essentuki RUS"]
[Date "2003.03.05"]
[Round "4"]
[White "Rjabzev,K"]
[Black "Kornilov,I"]
[Result "1-0"]
[WhiteElo "2315"]
[BlackElo "2371"]

1.e4 d6 2.d4 Nf6 3.Nc3 e5 4.Nf3 Nbd7 5.Bc4 Be7 6.O-O O-O 7.h3 c6 8.a4 b6
9.Re1 a6 10.b3 Bb7 11.Bb2 Qc7 12.Bd3 Rfe8 13.Ne2 Bf8 14.Ng3 g6 15.Qd2 Bg7
16.Rad1 exd4 17.Nxd4 c5 18.Nf3 Ne5 19.Nxe5 dxe5 20.Bc4 Red8 21.Qe2 Rxd1 22.Rxd1 h5
23.f3 h4 24.Nf1 Qe7 25.Qd2 Ne8 26.Qd7 Kf8 27.Ne3 Rb8 28.Bc3 Bc8 29.Qxe7+ Kxe7
30.Be1 g5 31.Nd5+ Kf8 32.Bf2 Nd6 33.Nxb6 Nxc4 34.Bxc5+ Ke8 35.Nxc4 Bf8 36.Bxf8 Kxf8
37.Nxe5 Be6 38.Nd7+ Bxd7 39.Rxd7 Rc8 40.Rd2 Rc3 41.Kf2 Ke7 42.Ke2 Ke6 43.Kd1 Ke5
44.Rd5+ Kf4 45.Kd2  1-0

[Event "Jch-RUS g20"]
[Site "Essentuki RUS"]
[Date "2003.03.06"]
[Round "5"]
[White "Korbut,E"]
[Black "Bronnikova,E"]
[Result "1-0"]
[WhiteElo "2312"]
[BlackElo "2238"]

1.e4 d6 2.d4 Nf6 3.Nc3 c6 4.h3 Qa5 5.Bd2 e5 6.Nf3 Qc7 7.a4 a5 8.Bc4 Be7 9.Ba2 Na6
10.O-O Nb4 11.Bb3 O-O 12.Re1 Nh5 13.Ne2 Kh8 14.g4 Nf6 15.Ng3 Ne8 16.Kg2 exd4
17.Nxd4 Bf6 18.c3 Nd3 19.Rh1 d5 20.exd5 cxd5 21.Nb5 Qd8 22.Be3 Nxb2 23.Qe2 Nc4
24.Bc5 Ncd6 25.Rad1 b6 26.Bxd5 Rb8 27.Bxd6 Nxd6 28.Bf3 Be7 29.Ne4 Ba6 30.Nexd6 Bxd6
31.Rxd6 Qxd6 32.Nxd6 Bxe2 33.Bxe2 g6 34.Rb1 Kg7 35.Kf1 Kf6 36.Nc4 Kg5 37.Rb5+ Kh4
38.Kg2 f5 39.Ne5 fxg4 40.Bxg4  1-0

[Event "Spring Festival GM"]
[Site "Bucharest ROM"]
[Date "2003.03.07"]
[Round "5"]
[White "Lupulescu,C"]
[Black "Badea,B"]
[Result "1/2-1/2"]
[WhiteElo "2496"]
[BlackElo "2495"]

1.e4 d6 2.d4 Nf6 3.Nc3 e5 4.Nf3 Nbd7 5.Bc4 Be7 6.O-O O-O 7.Re1 c6 8.a4 b6
9.d5 cxd5 10.Nxd5 Bb7 11.b3 Rc8 12.Re2 Re8 13.Ba3 Bf8 14.Nc3 Nc5 15.Bxc5 Rxc5
16.Qd3 h6 17.Rd1 a6 18.Nd2 Qa8 19.Nf1 Rd8 20.Ree1 Rdc8 21.f3 b5 22.axb5 axb5
23.Nxb5 d5 24.exd5 Bxd5 25.Bxd5 Rxd5 26.Qe2 e4 27.Rxd5 Qxd5 28.c4 Qc5+ 29.Kh1 Re8
30.Qd1 exf3 31.gxf3 Rxe1 32.Qxe1 Qf5 33.Qd1 Qe5 34.Ng3 h5 35.Qd4 Qe1+ 36.Kg2 Qb1
37.Qe3 h4 38.Ne4 h3+ 39.Kg3 Nh5+ 40.Kh4 g6 41.Ng3 Nxg3 42.Kxg3 Qf1 43.Qf2 Qb1
44.Kxh3 Qxb3 45.Qe2 Qb1 46.Kg2 Qc1 47.h4 Bc5  1/2-1/2

[Event "Spring Festival WGM"]
[Site "Bucharest ROM"]
[Date "2003.03.07"]
[Round "5"]
[White "Osman,Mi"]
[Black "Ionica,I"]
[Result "1/2-1/2"]
[WhiteElo "2133"]
[BlackElo "2200"]

1.d4 d6 2.e4 Nf6 3.Nc3 Nbd7 4.f4 e5 5.Nf3 exd4 6.Qxd4 c6 7.Be3 d5 8.O-O-O Bc5
9.Qd3 Qe7 10.Nd2 Ng4 11.Bd4 O-O 12.exd5 Nb6 13.dxc6 bxc6 14.Bxc5 Qxc5 15.Nde4 Qa5
16.h3 Nh6 17.g4 f6 18.f5 Nf7 19.Qd4 Nd7 20.Qa4 Qb6 21.Bc4 Rb8 22.Bxf7+ Rxf7
23.Qa3 Ne5 24.Na4 Qa5 25.Nac5 Qxa3 26.bxa3 h5 27.Rd8+ Rf8 28.Rxf8+ Kxf8 29.Rg1 hxg4
30.hxg4 Ke7 31.a4 Bd7 32.Nxd7 Nxd7 33.g5 Rb4 34.gxf6+ gxf6 35.Rg7+ Kd8 36.Nd6 Rd4
37.Nb7+ Kc8 38.Na5 Kc7 39.Nb3 Rd5 40.c4 Rxf5 41.a5 a6 42.Kb2 Kd6 43.Rg8 Ne5
44.c5+ Kd5 45.Rd8+ Ke4 46.Ra8 Rf2+ 47.Kc3 Rxa2 48.Rxa6 f5 49.Ra8 f4 50.Rf8 f3
51.Nd2+ Ke3 52.Nxf3 Nxf3 53.Re8+ Kf4 54.Ra8 Ne5 55.Kb3 Ra1 56.a6 Ke4 57.a7 Ra6
58.Kb4 Nd3+ 59.Kc4 Ra4+ 60.Kc3 Ra3+  1/2-1/2

[Event "36th Ladies GM"]
[Site "Belgrade YUG"]
[Date "2003.03.08"]
[Round "4"]
[White "Kalevic,S"]
[Black "Chelushkina,I"]
[Result "0-1"]
[WhiteElo "2291"]
[BlackElo "2366"]

1.e4 d6 2.d4 Nf6 3.Nc3 Nbd7 4.Nf3 c6 5.a4 e5 6.Bc4 Be7 7.O-O O-O 8.Qe2 exd4
9.Nxd4 Ne5 10.Bb3 c5 11.Nf5 Bxf5 12.exf5 Nc6 13.Nd5 Nxd5 14.Bxd5 Qd7 15.c3 Bf6
16.Qf3 Rad8 17.Bf4 Ne7 18.g4 Nxd5 19.Qxd5 Be5 20.Be3 g6 21.Bxc5 Qe7 22.Bxa7 gxf5
23.f4 Bg7 24.Qxf5 Qe2 25.Rf2 Qc4 26.Qb5 Qc8 27.Qd5 Rfe8 28.f5 Re5 29.Qf3 Rde8
30.Kg2 Re4 31.g5 Qc6 32.f6 Bf8 33.Kh1 b6 34.Re2 d5 35.Rxe4 dxe4 36.Qg2 Qc7
37.Re1 e3 38.Qf3 Qxa7 39.Rxe3 Qxa4 40.Rxe8 Qxe8 41.Kg2 Qb5  0-1

[Event "Victor Ciocaltea Mem"]
[Site "Bucharest ROM"]
[Date "2003.03.08"]
[Round "5"]
[White "Lemmers,O"]
[Black "Grigore,Ge"]
[Result "1/2-1/2"]
[WhiteElo "2444"]
[BlackElo "2482"]

1.e4 d6 2.d4 Nf6 3.Nc3 e5 4.Nf3 Nbd7 5.Bc4 Be7 6.O-O O-O 7.Re1 c6 8.a4 a5
9.Ba2 exd4 10.Nxd4 Nc5 11.h3 Qb6 12.Nb3 Nxb3 13.Bxb3 Be6 14.Nd5 cxd5 15.exd5 Nxd5
16.Bxd5 Bxd5 17.Qxd5 Rae8 18.Rb1 Bf6 19.Be3 Qc6 20.Qxc6 bxc6 21.b3 Re6 22.Bb6 Ra8
23.Rbd1 d5 24.Bc5 Rae8 25.Kf1 Be7 26.Bd4 Bf6 27.Bc5 Be7 28.Bd4 Bf6  1/2-1/2

[Event "Jch-RUS b20"]
[Site "Essentuki RUS"]
[Date "2003.03.08"]
[Round "6"]
[White "Anisimov,P"]
[Black "Bachin,V"]
[Result "1/2-1/2"]
[WhiteElo "2448"]
[BlackElo "2443"]

1.e4 d6 2.d4 Nf6 3.Nc3 c6 4.f4 Qa5 5.Bd3 e5 6.Nf3 Bg4 7.Be3 exd4 8.Bxd4 Qb4
9.a3 Qxd4 10.Nxd4 Bxd1 11.Rxd1 Nbd7 12.O-O Nc5 13.e5 dxe5 14.fxe5 Ng4 15.Bc4 O-O-O
16.Rfe1 Re8 17.h3 Nh6 18.b4 Ne6 19.Nxe6 fxe6 20.Rf1 Nf5 21.Bxe6+ Rxe6 22.Rxf5 g6
23.Rf7 Be7 24.Ne4 Rxe5 25.Nd6+ Kc7 26.Nxb7 h5 27.Nc5 Rd8 28.Rxd8 Kxd8 29.Nd3 Re4
30.Rf4 Re6 31.Kf2 g5 32.Rf5 Re4 33.Ra5 Rc4 34.Rxa7 Rxc2+ 35.Kf3 g4+ 36.hxg4 hxg4+
37.Kxg4 Rxg2+ 38.Kf5 Bd6 39.Ke6 Rg6+ 40.Kf5 Rg2 41.Ke4 Ke8 42.Kd4 Rg4+ 43.Kc3 Rh4
44.Rg7 Rh3 45.Ra7 Kd8 46.Kd2 Kc8 47.Ke2 Rh2+ 48.Kf3 Rh3+ 49.Ke4 Rh8 50.Kf5 Rh2
51.Kg6 Rd2 52.Nc1 Kb8 53.Ra5 Kb7  1/2-1/2

[Event "Milovan Prvulj Mem"]
[Site "Pancevo YUG"]
[Date "2003.03.08"]
[Round "11"]
[White "Matovic,Radoj"]
[Black "Scekic,M"]
[Result "0-1"]
[WhiteElo "2182"]
[BlackElo "2447"]

1.e4 c6 2.d4 d6 3.Nc3 Nf6 4.f4 Qa5 5.Bd3 e5 6.Nf3 Nbd7 7.O-O Be7 8.Kh1 O-O
9.Ne2 d5 10.fxe5 dxe4 11.exf6 Nxf6 12.Ne5 exd3 13.Qxd3 Be6 14.Nf4 Bd5 15.Bd2 Qb6
16.Nxd5 cxd5 17.Bg5 Rad8 18.Rae1 Qd6 19.Re3 Ne4 20.Bf4 Qe6 21.Rh3 f6 22.Nf3 g5
23.Rg3 Kh8 24.Bd2 Nxg3+ 25.hxg3 Bd6 26.Nh2 Qe4 27.Rf3 Rc8 28.c3 Qxd3 29.Rxd3 Rce8
30.Kg1 Re2 31.Nf1 Rfe8 32.a4 Kg7 33.b3 b6 34.c4 dxc4 35.bxc4 Kg6 36.a5 Rc8
37.Ne3 Bxg3 38.Kf1 Rf2+ 39.Kg1 Rxd2 40.Rxd2 Be1 41.Ra2 Bxa5 42.c5 Bc3 43.Ra4 b5
44.Nd5 bxa4 45.Nxc3 a3 46.Kf2 Rb8 47.c6 Rb3 48.Ne4 a2  0-1

[Event "TCh-BEL 2002-3"]
[Site "Belgium BEL"]
[Date "2003.03.09"]
[Round "10"]
[White "Van Leeuwen,E"]
[Black "Hautot,S"]
[Result "0-1"]
[WhiteElo "2152"]
[BlackElo "2304"]

1.e4 d6 2.d4 Nf6 3.Nc3 Nbd7 4.f4 e5 5.Nf3 exd4 6.Qxd4 c6 7.Be3 d5 8.e5 Ng4
9.Bg1 Nh6 10.Qd2 Bb4 11.a3 Qa5 12.Nd4 Nc5 13.Bd3 O-O 14.Nb3 Nxb3 15.cxb3 f6
16.O-O-O Bxc3 17.Qxc3 Qxc3+ 18.bxc3 fxe5 19.fxe5 Ng4 20.Re1 Bf5 21.Kd2 Bxd3
22.Kxd3 Nf2+ 23.Bxf2 Rxf2 24.g3 Raf8 25.Kd4 Kf7 26.c4 Ke6 27.cxd5+ cxd5 28.Re3 Rc8
29.h3 Rcc2 30.Rhe1 b6 31.Rd3 Rfe2 32.Re3 Rcd2+  0-1

[Event "TCh-BEL 2002-3"]
[Site "Belgium BEL"]
[Date "2003.03.09"]
[Round "10"]
[White "Winants,L"]
[Black "Schalkx,J"]
[Result "1-0"]
[WhiteElo "2490"]
[BlackElo "2229"]

1.d4 d6 2.e4 Nf6 3.Nc3 c6 4.Be3 Qa5 5.f3 e5 6.Ne2 Nbd7 7.Qd2 d5 8.exd5 Nxd5
9.Nxd5 Qxd5 10.Ng3 Nb6 11.dxe5 Qxe5 12.O-O-O Be6 13.c4 Bb4 14.Qxb4 Qxe3+
15.Kb1 c5 16.Qb5+ Bd7 17.Qb3 Qxb3 18.axb3 Be6 19.Bd3 Nd7 20.f4 O-O-O 21.f5 Ne5
22.fxe6 Nxd3 23.exf7 Ne5 24.Rxd8+ Rxd8 25.Rf1 Rf8 26.Ne4 b6 27.Ng5 h6 28.Rf5 hxg5
29.Rxe5 Rxf7 30.Rxg5 Kd7 31.Ka2 Ke6 32.Ka3 Rd7 33.b4 cxb4+ 34.Kxb4 Kf6 35.Rd5 Re7
36.Kc3 Re2 37.Rd2 Re3+ 38.Rd3 Re2 39.Rf3+ Ke6 40.Rg3 Kf6 41.b4 Re5 42.Kd4 Rh5
43.h3 a5 44.bxa5 Rxa5 45.Rb3 Ra6 46.Kd5 Ke7 47.Kc6 Ra4 48.Kb5 Ra2 49.Kxb6 Rxg2
50.c5 Rc2 51.c6 Kd8 52.Kb7 Rc1 53.Rd3+ Ke7 54.c7 Rb1+ 55.Kc8 g5 56.Rd5 Rb3
57.Rxg5 Rxh3 58.Rb5 Kd6  1-0

[Event "X Anibal Open"]
[Site "Linares ESP"]
[Date "2003.03.09"]
[Round "10"]
[White "Fernandez Romero,Ern"]
[Black "Rizouk,A"]
[Result "1/2-1/2"]
[WhiteElo "2396"]
[BlackElo "2519"]

1.e4 d6 2.d4 Nf6 3.Nc3 e5 4.dxe5 dxe5 5.Qxd8+ Kxd8 6.Bg5 Be6 7.O-O-O+ Nd7
8.f4 exf4 9.Nf3 h6 10.Bxf4 Ng4 11.Rd2 Bb4 12.Nd4 c6  1/2-1/2

[Event "1st Festival"]
[Site "Nancy FRA"]
[Date "2003.03.09"]
[Round "9"]
[White "Paci,C"]
[Black "Okhotnik,V"]
[Result "0-1"]
[WhiteElo "2231"]
[BlackElo "2453"]

1.d4 d6 2.e4 Nf6 3.Nc3 e5 4.dxe5 dxe5 5.Qxd8+ Kxd8 6.Bg5 Be6 7.O-O-O+ Nd7
8.Nf3 Kc8 9.Bd3 Ne8 10.Nd2 Bc5 11.f3 f6 12.Bh4 Nd6 13.Nb3 Be3+ 14.Kb1 c6
15.Rhe1 Bb6 16.Na4 h5 17.Nxb6+ axb6 18.Bf2 Kc7 19.c3 c5 20.Bc2 Kc6 21.Nc1 b5
22.Bb3 c4 23.Bc2 Nb8 24.a3 Nf7 25.Rd2 Na6 26.Red1 h4 27.h3 g5 28.Na2 Rad8
29.Kc1 Rxd2 30.Rxd2 Ra8 31.Kb1 Nh8 32.Nb4+ Nxb4 33.axb4 Ng6 34.Bc5 Re8 35.Be3 Nf4
36.Bxf4 gxf4 37.Bd1 Rg8 38.Kc1 Rg3 39.Rf2 f5 40.Bc2 fxe4 41.Bxe4+ Bd5 42.Bc2 Rg8
43.Re2 Kd6 44.Bh7 Ra8 45.Kb1 Ke6 46.Bg6 Kf6 47.Bc2 Rg8 48.Kc1 Bc6 49.Bh7 Ra8
50.Kb1 Bd7 51.Be4 Bf5 52.Bxf5 Kxf5 53.Re4 Rg8 54.Re2 e4 55.fxe4+ Ke5 56.Kc2 Rg3
57.Kd2 Rd3+ 58.Kc2 Re3 59.Rf2 Kxe4 60.Kd2 f3 61.gxf3+ Rxf3 62.Rh2 Kf4 63.Ke2 Kg3
64.Rh1 Rf2+  0-1

[Event "Victor Ciocaltea Mem"]
[Site "Bucharest ROM"]
[Date "2003.03.10"]
[Round "7"]
[White "Furtuna,A"]
[Black "Grigore,Ge"]
[Result "1/2-1/2"]
[WhiteElo "2415"]
[BlackElo "2482"]

1.e4 d6 2.d4 Nf6 3.Nc3 e5 4.Nf3 Nbd7 5.Bc4 Be7 6.O-O O-O 7.Re1 c6 8.a4 a5
9.b3 exd4 10.Qxd4 Ng4 11.Bb2 Nde5 12.Nxe5 dxe5 13.Qxd8 Rxd8 14.Rad1 Re8 15.h3 Nf6
16.Nb1 Bb4 17.Bc3 Bxc3 18.Nxc3 Nd7 19.Rd2 Nb6 20.Be2 Kf8 21.Red1 Ke7 22.Kf1 g6
23.Bg4 Bxg4 24.hxg4 Rad8 25.Ke2 Rxd2+ 26.Rxd2 Rh8 27.Rd1 Nd7 28.Nb1 h5 29.gxh5 Rxh5
30.Na3 Nb6 31.Nc4 Nxc4 32.bxc4 Rh8 33.Rb1  1/2-1/2

[Event "Jch-RUS b20"]
[Site "Essentuki RUS"]
[Date "2003.03.10"]
[Round "8"]
[White "Tomashevsky,E"]
[Black "Bachin,V"]
[Result "1/2-1/2"]
[WhiteElo "2444"]
[BlackElo "2443"]

1.d4 d6 2.e4 Nf6 3.Nc3 c6 4.f4 Qa5 5.Bd3 e5 6.Nf3 Nbd7 7.O-O Be7 8.Kh1 O-O
9.Qe1 exd4 10.Nxd4 Nc5 11.Be3 Nxd3 12.cxd3 Qh5 13.f5 Ng4 14.Bf4 Ne5 15.Qg3 Rd8
16.Nc2 f6 17.d4 Nf7 18.Rae1 Bd7 19.Bc1 d5 20.exd5 Bd6 21.Bf4 Bxf5 22.Ne3  1/2-1/2

[Event "Jch-RUS g20"]
[Site "Essentuki RUS"]
[Date "2003.03.10"]
[Round "8"]
[White "Malysheva,P"]
[Black "Bronnikova,E"]
[Result "1-0"]
[WhiteElo "2137"]
[BlackElo "2238"]

1.e4 Nf6 2.Nc3 c6 3.d4 d6 4.f4 Qa5 5.Bd3 e5 6.Nf3 Nbd7 7.O-O Be7 8.Kh1 O-O
9.Ne2 Nh5 10.c3 g6 11.Qe1 Bf6 12.f5 d5 13.Ng3 Ng7 14.Bh6 Re8 15.fxg6 hxg6
16.Qf2 exd4 17.e5 Be7 18.Nxd4 Rf8 19.Bxg7 Kxg7 20.Ngf5+ Kh7 21.Nxe7 Qc5 22.Qh4+ Kg7
23.Ndf5+  1-0

[Event "Spring Festival GM"]
[Site "Bucharest ROM"]
[Date "2003.03.11"]
[Round "9"]
[White "Lupulescu,C"]
[Black "Soltanici,R"]
[Result "1-0"]
[WhiteElo "2496"]
[BlackElo "2389"]

1.e4 d6 2.d4 Nf6 3.Nc3 e5 4.Nf3 Nbd7 5.Bc4 Be7 6.O-O O-O 7.Re1 c6 8.a4 a5
9.h3 Qc7 10.Be3 exd4 11.Bxd4 Ne5 12.Ba2 Nfd7 13.Nh2 Ng6 14.Qd2 Re8 15.f4 Bf8
16.Qf2 b6 17.h4 h5 18.Qf3 Nc5 19.g3 Be6 20.Qxh5 Bxa2 21.Rxa2 Nh8 22.Raa1 Ne6
23.Bf2 f6 24.Ng4 Nc5 25.Qf5 Qc8 26.Qxc8 Raxc8 27.Kg2 Nf7 28.Kf3 Nd8 29.Ne3 Rb8
30.Red1 Nf7 31.b3 Nd7 32.Nc4 Rec8 33.Ne2 Re8 34.Nd4 d5 35.exd5 cxd5 36.Ne3 Bc5
37.Nxd5 Rbc8 38.c4 Nd6 39.Re1 Kf7 40.Rad1 f5 41.Nb5 Nxb5 42.axb5 Bxf2 43.Kxf2 g6
44.Rxe8 Rxe8 45.Re1 Rxe1 46.Kxe1 Ke6 47.Kf2 Kd6 48.g4  1-0

[Event "Jch-RUS g20"]
[Site "Essentuki RUS"]
[Date "2003.03.11"]
[Round "9"]
[White "Tomilova,E"]
[Black "Kovanova,B"]
[Result "1/2-1/2"]
[WhiteElo "2210"]
[BlackElo "2215"]

1.e4 d6 2.d4 Nf6 3.Nc3 e5 4.Nf3 Nbd7 5.Bc4 Be7 6.O-O c6 7.a4 O-O 8.Qe2 b6
9.Rd1 Qc7 10.dxe5 Nxe5 11.Nxe5 dxe5 12.h3 a5 13.f4 Bc5+ 14.Kh1 Be6 15.f5 Bxc4
16.Qxc4 Rad8 17.Bg5 Rxd1+ 18.Rxd1 Rd8 19.Rf1 Qd6 20.Qe2 h6 21.Bc1 Qe7 22.Qf3 Rd6
23.g4 Nh7 24.Qg3 Rd4 25.h4 Nf6 26.Re1 Bb4 27.g5 hxg5 28.hxg5 Nxe4 29.Nxe4 Bxe1
30.Qxe1 Qd7 31.Nf2 Qxf5 32.Kg2 Rh4 33.Qd2 Rd4 34.Qc3 Qe6 35.b3 Qd5+ 36.Qf3 Qxf3+
37.Kxf3 b5 38.Be3 Rb4 39.Bd2 Rd4 40.Be3 Rb4 41.axb5 Rxb5 42.Ke4 f6 43.g6 a4
44.bxa4 Rb4+ 45.Kf5 Rxa4 46.Ne4 Ra3 47.c3 Ra1 48.Bc5 Rf1+ 49.Ke6 Rf4 50.Nd6 Rg4
51.Nf5 Rc4 52.Ne7+ Kf8 53.Bd6 e4 54.Kd7 e3 55.Nf5+ Kg8 56.Nxe3 Rxc3 57.Nf5 Rc2
58.Ne7+ Kf8 59.Nf5+ Kg8 60.Ke8 Ra2 61.Ne7+ Kh8 62.Nxc6 Ra6 63.Kd7 Kg8 64.Ne7+ Kh8
65.Bc7 Ra8 66.Bd8 f5 67.Nxf5 Ra7+ 68.Ke6 Ra6+ 69.Kf7 Ra7+ 70.Be7 Rd7 71.Kf8 Ra7
72.Nd6 Ra8+  1/2-1/2

[Event "Victor Ciocaltea Mem"]
[Site "Bucharest ROM"]
[Date "2003.03.12"]
[Round "9"]
[White "Czebe,A"]
[Black "Grigore,Ge"]
[Result "1-0"]
[WhiteElo "2466"]
[BlackElo "2482"]

1.e4 d6 2.d4 Nf6 3.Nc3 e5 4.dxe5 dxe5 5.Qxd8+ Kxd8 6.Bg5 Be6 7.O-O-O+ Nd7
8.f4 exf4 9.Nf3 h6 10.Bxf4 Bc5 11.Nd4 Bg4 12.Rd2 Re8 13.e5 Nh5 14.Be3 Rxe5
15.Bf2 Bb4 16.h3 Bxc3 17.bxc3 Be6 18.Bb5 c6 19.Rhd1 Nhf6 20.Nxe6+ fxe6 21.Bd4 Ke7
22.Bxe5 Nxe5 23.Bd3 Nfd7 24.Rf2 Nc5 25.Re2 Ncd7 26.Rde1 Kd6 27.Kd2 Rf8 28.Re4 Rf2+
29.R1e2 Rxe2+ 30.Kxe2 Nf6 31.Ra4 a6 32.Kd2 Ned7 33.Rd4+ Ke7 34.Rf4 Nc5 35.Rf1 Kd6
36.c4 a5 37.Ke3 e5 38.Bf5 Ke7 39.g4 Ne8 40.Bd3 Nd6 41.Be2 Ne6 42.Rb1 Nc5
43.Bf1 Nf7 44.Re1 Nd6 45.Kf3 Kf6 46.Ke3 Ke7 47.h4 Kf6 48.Rd1 Ke7 49.Kf3 Ke6
50.Re1 Nf7 51.Bd3 Nd6 52.Bh7 g5 53.hxg5 hxg5 54.Rh1 Kf7 55.Bf5 Nxc4 56.Rh7+ Kf6
57.Rh6+ Kf7 58.Rg6 Nd2+ 59.Ke3 Nde4 60.a3 a4 61.c4 Nf6 62.Rxg5 b5 63.Bd3 Ne6
64.Rf5 Ng7 65.Rf1 bxc4 66.g5 cxd3 67.Rxf6+  1-0

[Event "6th United Insurance"]
[Site "Dhaka BAN"]
[Date "2003.03.12"]
[Round "5"]
[White "Hossain,Enam"]
[Black "Murshed,N"]
[Result "1/2-1/2"]
[WhiteElo "2451"]
[BlackElo "2435"]

1.e4 d6 2.d4 Nf6 3.Nc3 e5 4.Nf3 Nbd7 5.Bc4 Be7 6.O-O O-O 7.a4 a5 8.h3 c6
9.Re1 Qc7 10.b3 Nb6 11.Bf1 Re8 12.Bb2 Bf8 13.dxe5 dxe5 14.Nb1 Bb4 15.c3 Bc5
16.Ba3 Bxa3 17.Nxa3 h6  1/2-1/2

[Event "6th United Insurance"]
[Site "Dhaka BAN"]
[Date "2003.03.13"]
[Round "6"]
[White "Reefat,S"]
[Black "Murshed,N"]
[Result "0-1"]
[WhiteElo "2451"]
[BlackElo "2435"]

1.e4 d6 2.d4 Nf6 3.Nc3 e5 4.dxe5 dxe5 5.Qxd8+ Kxd8 6.Bc4 Ke8 7.Nf3 Bd6 8.Bg5 Nbd7
9.O-O a6 10.a3 h6 11.Bxf6 Nxf6 12.Rfe1 c6 13.Ba2 Ke7 14.Na4 Be6 15.Bxe6 Kxe6
16.b3 Rhd8 17.Nb2 Nd7 18.Nd3 f6 19.Nh4 Nc5 20.Nb2 a5 21.Nf5 Bf8 22.f3 Rd2  0-1

[Event "Jch-RUS b20"]
[Site "Essentuki RUS"]
[Date "2003.03.13"]
[Round "11"]
[White "Kurnosov,I"]
[Black "Bachin,V"]
[Result "1/2-1/2"]
[WhiteElo "2477"]
[BlackElo "2443"]

1.e4 d6 2.d4 Nf6 3.Nc3 c6 4.f4 Qa5 5.Bd3 e5 6.Nf3 Nbd7 7.O-O Be7 8.Kh1 O-O
9.Be3 Ng4 10.Bg1 exf4 11.Qd2 Ne3 12.Nd5 Bd8 13.Nxe3 Qxd2 14.Nxd2 fxe3 15.Bxe3 d5
16.Bf4 Nf6 17.Bd6 Re8 18.e5 Nd7 19.c4 Be7 20.cxd5 cxd5 21.Rac1 Bxd6 22.exd6 Re6
23.Rc7 Rxd6 24.Nb3 Nf6 25.Na5  1/2-1/2

[Event "19th Open"]
[Site "Bad Woerishofen GER"]
[Date "2003.03.14"]
[Round "2"]
[White "Korneev,O"]
[Black "Bintakis,M"]
[Result "1-0"]
[WhiteElo "2613"]
[BlackElo "2209"]

1.e4 d6 2.d4 Nf6 3.Nc3 e5 4.Nf3 Nbd7 5.Bc4 Be7 6.O-O O-O 7.Re1 Nb6 8.Bb3 exd4
9.Qxd4 Nfd7 10.Nd5 Nxd5 11.Qxd5 Nc5 12.Qh5 Nxb3 13.axb3 Re8 14.h3 Bf6 15.c3 Bd7
16.Ng5 Bxg5 17.Bxg5 f6 18.Bf4 Bc6 19.f3 Qe7 20.c4 a5 21.Bd2 b6 22.Bc3 Qf7
23.Qf5 a4 24.bxa4 Qxc4 25.a5 Qc5+ 26.Qxc5 dxc5 27.g4 Kf7 28.Kf2 Ra6 29.h4 Rea8
30.h5 bxa5 31.h6 g6 32.e5 fxe5 33.Rxe5 Bb5 34.Rxc5 c6 35.Rd1 R6a7 36.f4 Re8
37.f5 Ree7 38.Rd8 gxf5 39.Rxf5+ Ke6 40.Rf6+  1-0

[Event "Victor Ciocaltea Mem"]
[Site "Bucharest ROM"]
[Date "2003.03.14"]
[Round "11"]
[White "Iordachescu,V"]
[Black "Grigore,Ge"]
[Result "1/2-1/2"]
[WhiteElo "2550"]
[BlackElo "2482"]

1.e4 d6 2.d4 Nf6 3.Nc3 e5 4.Nf3 Nbd7 5.Bc4 Be7 6.O-O O-O 7.Re1 c6 8.a4 a5
9.b3 exd4 10.Nxd4 Nc5 11.Bb2 Re8 12.Qf3 Bf8 13.h3 Ncd7 14.Bf1 Ne5 15.Qd1 Qb6
16.Kh1 Ng6 17.Qd2 Bd7 18.Rad1 Rad8 19.f4 d5 20.f5 Ne5 21.exd5 cxd5 22.Qf4 Nc4
23.Ba1 Nd6 24.Bd3 Rxe1+ 25.Rxe1 Re8 26.Rxe8  1/2-1/2